| 000 | 00785nam a2200265Ia 4500 | ||
|---|---|---|---|
| 003 | OSt | ||
| 005 | 20220924122458.0 | ||
| 006 | a|||||r|||| 00| 0 | ||
| 007 | ta | ||
| 008 | 220923b |||||||| |||| 00| 0 per d | ||
| 020 | _a9781780834115 (pbk) | ||
| 020 | _cINR 500.00 | ||
| 024 | _a353751 | ||
| 037 |
_b2362, 12/02/2020, M.R. Publications _cTextual |
||
| 040 |
_aARTS _cARTS _bper |
||
| 041 |
_2per _aper |
||
| 082 | _aO164,3x, Q6 | ||
| 100 |
_aJaberi Mohammad Au. _9189624 |
||
| 245 | 0 | _aTuft piyaz dagh dar nakujaabad | |
| 260 |
_aLondon _bH and S media Iran _c2016 |
||
| 300 |
_a221p. _ccm. |
||
| 650 | _aPERSIAN FICTION | ||
| 942 |
_hO164,3x, Q6 _cTEXL _2CC |
||
| 999 |
_c411784 _d411784 |
||